LEADER 01152nam a2200265 i 4500 001 000000156159 003 CaOOAMICUS 005 20061129000000.0 008 061129s1965 it u000 u ita u 013 $a133514 040 $aSeMil$bita 245 10$aLorenzo Lotto /$c[Pietro Zampetti]. 246 04$iTitolo in copertina:$aLotto 260 $aMilano :$bFabbri,$ccopyr. 1965. 300 $a[6] p., 17. p. di tav. :$bill. ;$c36 cm. 490 0 $aI maestri del colore : la pił grande collana d'arte del mondo ;$v115 500 $aFormulazione di responsabilitą ricavata dal testo. 600 14$aLotto, Lorenzo <1480-1556 ca.>.$0(OLS)http://semarc/subject/18251 700 1 $aZampetti, Pietro.$0(OLS)http://semarc/name/41324 830 2$aI maestri del colore : la pił grande collana d'arte del mondo ;$v115.$0(OLS)http://semarc/title/2091 850 $aSeMil 852 $aSeMil$W1$xVenegono$y1$m5G XII 12/115$j107961$B107961$CSeMilBibl$Z2$F117589 $81 996 $6245$aLorenzo Lotto$9(OLS)http://semarc/title/228865 996 $6246$aLotto$9(OLS)http://semarc/title/151856 996 $6260$aMilano :$bFabbri$9(OLS)http://semarc/publisher/30054 LEADER 01480nam a2200289 i 4500 001 000000160294 003 CaOOAMICUS 005 20080214000000.0 008 080214s1984 it u000 u mul u 013 $a137657 040 $aSeMil$bita 100 1 $aRouault, Georges <1871-1958>.$0(OLS)http://semarc/name/25180 245 10$aMiserere :$bMostra di 58 incisioni originali, Istituto Leone 13., Milano, aprile 1984 /$cGeorges Rouault ; a cura di Antonio Mancia ; il senso del Miserere di Paolo Bellini ; nota critica di Alfonso Ciranna. 260 $aMilano :$bLIBREX,$ccopyr. 1984. 300 $a1 v. :$b58 c. di tav. ;$c28 cm. 500 $aPrima pagina sottolineata a biro. - Fondo Card. Giovanni Colombo. 650 4$aRouault, Georges <1871-1958> . Miserere.$0(OLS)http://semarc/subject/10513 650 4$aRouault, Georges <1871-1958> - Esposizioni - Milano - 1984.$0(OLS)http://semarc/subject/17362 700 1 $aCiranna, Alfonso.$0(OLS)http://semarc/name/42193 700 1 $aBellini, Paolo.$0(OLS)http://semarc/name/26985 700 1 $aMancia, Antonio.$0(OLS)http://semarc/name/42192 850 $aSeMil 852 $aSeMil$W1$xVenegono$y1$m3GC VIII 73$j111769$B111769$CSeMilBibl$Z2$F202360 $8B 941 1 $a3 961 $aLascito: Colombo Card. Giovanni 996 $6245$aMiserere :$bMostra di 58 incisioni originali, Istituto Leone 13., Milano, aprile 1984$9(OLS)http://semarc/title/142833 996 $6260$aMilano :$bLIBREX$9(OLS)http://semarc/publisher/35978